[Event "Champ FRA - Under 12"]
[Site "Europe Echecs"]
[Date "2020.07.08"]
[Round "7"]
[White "FamelDiane"]
[Black "DromardBenjami"]
[Result "0-1"]
[WhiteElo "1366"]
[BlackElo "1250"]
[PlyCount "110"]
[EventDate "2020.??.??"]

1. e4 e5 2. Nc3 Nc6 3. f4 exf4 4. Nf3 Bc5 5. d3 d6 6. Bxf4 Nf6 7. Be2 O-O 8. d4
Bb4 9. O-O Bxc3 10. bxc3 Nxe4 11. Qd3 Bf5 12. Qc4 d5 13. Qb3 Nd6 14. Ne5 Rb8
15. Qa4 Nxe5 16. Bxe5 Bd7 17. Qa3 Nb5 18. Bxb5 Bxb5 19. Rfe1 a6 20. Qc5 Rc8 21.
a4 b6 22. Qb4 Bc4 23. Bg3 a5 24. Qa3 Qg5 25. Rad1 h5 26. Qe7 Qxe7 27. Rxe7 c6
28. Rb7 b5 29. axb5 cxb5 30. Bd6 Rfd8 31. Bc5 a4 32. Ra7 Re8 33. h3 Ra8 34. Rb7
a3 35. Ra1 a2 36. Kf2 Re2+ 37. Kf3 Rxc2 38. Re7 Rb2 39. Ree1 Rc2 40. Bb4 g5 41.
g4 hxg4+ 42. Kxg4 f6 43. h4 Be2+ 44. Kh3 gxh4 45. Kxh4 Kf7 46. Kg3 Rg8+ 47. Kf4
Bc4 48. Ke3 Re8+ 49. Kf4 Rf2+ 50. Kg3 Rfe2 51. Rh1 R2e3+ 52. Kf4 R3e4+ 53. Kf3
Re3+ 54. Kf4 R8e4+ 55. Kf5 Rf3# {FamelDiane est échec et mat} 0-1

[Event "Champ FRA - Under 12"]
[Site "Europe Echecs"]
[Date "2020.07.08"]
[Round "7"]
[White "LambertHoareau"]
[Black "MindeBaptiste"]
[Result "1-0"]
[WhiteElo "1348"]
[BlackElo "1210"]
[PlyCount "75"]
[EventDate "2020.??.??"]

1. e4 e6 2. d4 d5 3. exd5 exd5 4. c4 c6 5. Nc3 Be6 6. Nf3 Bb4 7. cxd5 cxd5 8.
Qa4+ Nc6 9. Ne5 Bxc3+ 10. bxc3 Nge7 11. Bb5 Qc7 12. Ba3 O-O 13. Bxe7 Nxe7 14.
O-O a6 15. Bd3 Qxc3 16. Rac1 Qd2 17. Rfd1 Qf4 18. Qc2 g6 19. g3 Qh6 20. f4 Rac8
21. Qd2 Rxc1 22. Rxc1 Bf5 23. Bxf5 Nxf5 24. g4 Nh4 25. Qf2 f6 26. Nd7 Rf7 27.
Rc8+ Kg7 28. g5 fxg5 29. Ne5 Rxf4 30. Rc7+ Kf8 31. Rc8+ Ke7 32. Rc7+ Kd6 33.
Rd7+ Ke6 34. Qe3 Nf5 35. Qe1 Re4 36. Qa5 Nxd4 37. Qxd5+ Kf5 38. Rf7# {
MindeBaptiste est échec et mat} 1-0

[Event "Champ FRA - Under 12"]
[Site "Europe Echecs"]
[Date "2020.07.08"]
[Round "7"]
[White "DaoAntoine"]
[Black "HenadciIlyan"]
[Result "1-0"]
[WhiteElo "1330"]
[BlackElo "1191"]
[PlyCount "111"]
[EventDate "2020.??.??"]

1. e4 e5 2. Nf3 Nc6 3. Bc4 Nf6 4. d3 d6 5. Nc3 Bg4 6. h3 Bh5 7. g4 Bg6 8. Bg5
Be7 9. Bb5 a6 10. Bxc6+ bxc6 11. Qd2 h6 12. Bh4 Rb8 13. O-O-O d5 14. exd5 cxd5
15. Nxe5 Bh7 16. Nc6 Qc8 17. Nxb8 Qxb8 18. Rde1 a5 19. Bxf6 gxf6 20. Qe3 Qb4
21. Nxd5 Qd6 22. Nxe7 a4 23. Nc8+ Qe6 24. Qxe6+ fxe6 25. Na7 Kf7 26. Re2 Ra8
27. Nb5 c6 28. Nd4 e5 29. Nxc6 Ra6 30. Nb4 Ra8 31. Rf1 a3 32. b3 Ke6 33. f4 Rb8
34. Nc6 Rb6 35. Na5 Rb5 36. Nc4 Ke7 37. fxe5 fxe5 38. Rfe1 Kf7 39. Rxe5 Rxe5
40. Nxe5+ Ke6 41. Nc4+ Kf6 42. Rd1 Bg8 43. d4 Bxc4 44. bxc4 Ke6 45. d5+ Kd6 46.
c5+ Kxc5 47. d6 Kc6 48. d7 Kc7 49. d8=Q+ Kc6 50. Qc8+ Kb6 51. Rd6+ Kb5 52. c4+
Kb4 53. Qb7+ Kc5 54. Qc6+ Kb4 55. Qb5+ Kc3 56. Qb3# {HenadciIlyan est échec
et mat} 1-0

[Event "Champ FRA - Under 12"]
[Site "Europe Echecs"]
[Date "2020.07.08"]
[Round "7"]
[White "SanguinettiEdo"]
[Black "RigaudRetourne"]
[Result "1-0"]
[WhiteElo "1312"]
[BlackElo "1103"]
[PlyCount "81"]
[EventDate "2020.??.??"]

1. c4 e5 2. g3 Nf6 3. Bg2 Bc5 4. Nf3 Nc6 5. O-O O-O 6. d3 h6 7. Nc3 d5 8. cxd5
Nxd5 9. Qc2 Ndb4 10. Qd1 Be6 11. a3 Nd5 12. Qc2 f5 13. Nxd5 Qxd5 14. Nd2 Qd6
15. Nc4 Bxc4 16. Qxc4+ Kh8 17. Bd2 Bb6 18. Bb4 Qf6 19. Bxf8 Rxf8 20. b4 Bd4 21.
Rab1 e4 22. dxe4 fxe4 23. e3 Ne5 24. Qxd4 Nf3+ 25. Bxf3 Qxd4 26. exd4 exf3 27.
Rb3 Rd8 28. Rd1 Rf8 29. Rdd3 g5 30. Rxf3 Rd8 31. Rfd3 b6 32. Rbc3 Rc8 33. Re3
Rd8 34. Rxc7 Rxd4 35. Rxa7 Rd1+ 36. Kg2 Rd8 37. Re4 Rb8 38. Re6 h5 39. Re5 Rg8
40. Rb7 Rg6 41. Re8+ {RigaudRetourne a abandonné} 1-0

[Event "Champ FRA - Under 12"]
[Site "Europe Echecs"]
[Date "2020.07.08"]
[Round "7"]
[White "MorlayeAlexand"]
[Black "LeroySerge"]
[Result "0-1"]
[WhiteElo "1117"]
[BlackElo "1291"]
[PlyCount "24"]
[EventDate "2020.??.??"]

1. Nf3 f5 2. d3 Nf6 3. e4 fxe4 4. dxe4 d6 5. Nc3 e5 6. Bg5 Be7 7. Qd2 c6 8.
O-O-O O-O 9. Bc4+ Kh8 10. Qe3 a5 11. a3 Ng4 12. Bf6 Nxe3 {MorlayeAlexand a
abandonné} 0-1

[Event "Champ FRA - Under 12"]
[Site "Europe Echecs"]
[Date "2020.07.08"]
[Round "7"]
[White "MareauNoe"]
[Black "VarinTimeo"]
[Result "0-1"]
[WhiteElo "1071"]
[BlackElo "1287"]
[PlyCount "82"]
[EventDate "2020.??.??"]

1. e4 e5 2. Nf3 Nc6 3. Nc3 Nf6 4. h3 Bb4 5. Bc4 Nxe4 6. Nxe4 d5 7. Bb5 dxe4 8.
Nxe5 Bd7 9. Nxc6 bxc6 10. Bc4 O-O 11. O-O Qf6 12. d3 exd3 13. Qxd3 Bf5 14. Qe2
Rfe8 15. Be3 Qxb2 16. Bd3 Bxd3 17. Qxd3 Qe5 18. Bd4 Qd6 19. Qc4 Re4 20. Rfd1 c5
21. Qd3 Rxd4 22. Qf3 Rd8 23. Rf1 Rf4 24. Qe3 Bd2 25. Qe2 Qf6 26. Rab1 Ba5 27.
Rfd1 Bb6 28. Qe5 c6 29. Qe2 Rfd4 30. Re1 h6 31. c3 Rd2 32. Qe4 Qxf2+ 33. Kh1
Qg3 34. Re3 Rd1+ 35. Rxd1 Rxd1+ 36. Re1 Rxe1+ 37. Qxe1 Qxe1+ 38. Kh2 Bc7+ 39.
g3 Qf2+ 40. Kh1 Bxg3 41. a4 Qh2# {MareauNoe est échec et mat} 0-1

[Event "Champ FRA - Under 12"]
[Site "Europe Echecs"]
[Date "2020.07.08"]
[Round "7"]
[White "DebbicheIdriss"]
[Black "NguyenSohayb"]
[Result "1-0"]
[WhiteElo "1065"]
[BlackElo "1473"]
[PlyCount "181"]
[EventDate "2020.??.??"]

1. Nf3 Nf6 2. g3 g6 3. Bg2 Bg7 4. O-O O-O 5. d3 b6 6. c4 Bb7 7. Nc3 e6 8. b4 c5
9. Rb1 d6 10. Bd2 Nbd7 11. a4 Re8 12. Qc2 Rc8 13. Qa2 Qc7 14. Bf4 Nh5 15. Nb5
Qc6 16. Nxd6 Nxf4 17. Nxe8 Rxe8 18. gxf4 Nf6 19. h3 Qd6 20. Qd2 Nh5 21. bxc5
Qxc5 22. Qe3 Qf5 23. Nh4 Qf6 24. Bxb7 Qxh4 25. Bg2 Nxf4 26. Rbe1 Nxg2 27. Kxg2
Rd8 28. Qg3 Qxg3+ 29. fxg3 Be5 30. Rf3 Rd4 31. Ref1 f6 32. g4 Kg7 33. g5 f5 34.
Rb1 h6 35. gxh6+ Kxh6 36. a5 Bc7 37. axb6 axb6 38. Ra1 g5 39. Ra7 Bb8 40. Rb7
Be5 41. Rxb6 g4 42. Rxe6+ Kg7 43. Rxf5 gxh3+ 44. Kxh3 Bc7 45. Ref6 Rd7 46. Kh4
Bd8 47. Kh5 Bxf6 48. c5 Rc7 49. Kg4 Kg6 50. e4 Bd4 51. Rd5 Bxc5 52. Rg5+ Kh7
53. Rh5+ Kg8 54. Rg5+ Kf8 55. Rf5+ Ke8 56. Re5+ Kd8 57. Rd5+ Kc8 58. e5 Rg7+
59. Kf4 Rf7+ 60. Ke4 Bg1 61. e6 Re7 62. Ke5 Bh2+ 63. Kf6 Ra7 64. e7 Ra6+ 65.
Kf7 Ra7 66. Rd8+ Kc7 67. e8=Q Kb6+ 68. Kg8 Bc7 69. Qe6+ Kb7 70. Qd5+ Kb6 71.
Rd7 Rb7 72. Qb3+ Kc6 73. Qc4+ Kxd7 74. Qd5+ Kc8 75. Qe6+ Kb8 76. Qe8+ Ka7 77.
Qa4+ Kb8 78. d4 Kc8 79. d5 Kb8 80. Qd7 Ka7 81. d6 Rb8+ 82. Kf7 Rb7 83. dxc7 Kb6
84. Qd6+ Ka7 85. Ke6 Ka8 86. c8=Q+ Ka7 87. Qa3+ Kb6 88. Qd8+ Kc6 89. Qdd6+ Kb5
90. Qb3+ Ka5 91. Qxb7 {NguyenSohayb a abandonné} 1-0

[Event "Champ FRA - Under 12"]
[Site "Europe Echecs"]
[Date "2020.07.08"]
[Round "7"]
[White "HiltonMarc"]
[Black "LeCamRaphael"]
[Result "1-0"]
[WhiteElo "1546"]
[BlackElo "1180"]
[PlyCount "55"]
[EventDate "2020.??.??"]

1. d4 d5 2. c4 e6 3. cxd5 exd5 4. Nc3 Nf6 5. Bg5 Be7 6. e3 Ne4 7. Bxe7 Kxe7 8.
Bd3 Nxc3 9. bxc3 Ke8 10. Nf3 Nc6 11. Bb5 Bg4 12. O-O Bxf3 13. Qxf3 Qd7 14. e4
Qe6 15. exd5 Qf6 16. Qxf6 gxf6 17. dxc6 bxc6 18. Bxc6+ Ke7 19. Rfe1+ Kd6 20.
Bxa8 Rxa8 21. Rab1 Rc8 22. c4 c6 23. Rb7 c5 24. d5 Rd8 25. f4 Rc8 26. Ree7 Rg8
27. Rxf7 Rg4 28. Rxf6# {LeCamRaphael est échec et mat} 1-0

[Event "Champ FRA - Under 12"]
[Site "Europe Echecs"]
[Date "2020.07.08"]
[Round "7"]
[White "LamagaSacha"]
[Black "TrimbitasuElya"]
[Result "1-0"]
[WhiteElo "1430"]
[BlackElo "1175"]
[PlyCount "81"]
[EventDate "2020.??.??"]

1. e4 e5 2. Nf3 Nc6 3. Bc4 Nf6 4. Nc3 Bb4 5. d3 d5 6. exd5 Nxd5 7. Bd2 Bxc3 8.
Bxc3 Nxc3 9. bxc3 Bg4 10. h3 Bh5 11. O-O Qd6 12. Re1 Qe6 13. Bxe6 fxe6 14. g4
Bg6 15. Nxe5 Nxe5 16. Rxe5 O-O 17. Rxe6 Rf7 18. Qd2 Raf8 19. Rae1 Rf3 20. Kg2
h5 21. R6e3 Rxf2+ 22. Qxf2 Rxf2+ 23. Kxf2 hxg4 24. hxg4 Bf7 25. Re8+ Bxe8 26.
Rxe8+ Kf7 27. Rc8 c6 28. Rc7+ Kg6 29. Rxb7 Kg5 30. Rxa7 Kxg4 31. Rxg7+ Kf5 32.
Re7 Kf6 33. Re3 Kf7 34. a4 Kf6 35. a5 Kf7 36. a6 Kf6 37. a7 Kf7 38. a8=Q Kf6
39. Qf8+ Kg5 40. Rg3+ Kh4 41. Qh8# {TrimbitasuElya est échec et mat} 1-0

[Event "Champ FRA - Under 12"]
[Site "Europe Echecs"]
[Date "2020.07.08"]
[Round "7"]
[White "DeNaveJulien"]
[Black "LovichiRaphael"]
[Result "0-1"]
[WhiteElo "1177"]
[BlackElo "1406"]
[PlyCount "94"]
[EventDate "2020.??.??"]

1. e4 c5 2. Nf3 e6 3. d4 cxd4 4. Nxd4 Nf6 5. Nc3 Nc6 6. Nb3 Bb4 7. f3 d5 8.
exd5 Nxd5 9. Bd2 Nxc3 10. Bxc3 Bxc3+ 11. bxc3 O-O 12. Qe2 Qc7 13. Qf2 Ne5 14.
Qe3 Bd7 15. Bd3 Nxd3+ 16. Qxd3 Rfd8 17. O-O a6 18. Qe3 Rac8 19. Nd4 Qxc3 20.
Qf4 Qc5 21. Kh1 e5 22. Qg5 exd4 23. Qg3 Be6 24. Rae1 Qxc2 25. h3 d3 26. Rf2 d2
27. Rg1 d1=Q 28. Rxc2 Qxc2 29. Re1 Qg6 30. Qf2 Rc2 31. Qg1 Rdd2 32. Qh2 Qxg2+
33. Qxg2 Rxg2 34. Rd1 Rh2+ 35. Kg1 Rcg2+ 36. Kf1 Rh1+ 37. Kxg2 Rxd1 38. f4 Rd2+
39. Kf3 Bd5+ 40. Kg4 g6 41. f5 Rd4+ 42. Kg5 Kg7 43. f6+ Kg8 44. h4 Bf3 45. h5
Rg4+ 46. Kh6 Rh4 47. a4 Rxh5# {DeNaveJulien est échec et mat} 0-1

[Event "Champ FRA - Under 12"]
[Site "Europe Echecs"]
[Date "2020.07.08"]
[Round "7"]
[White "SumarrivaPauliJ"]
[Black "RosamelManua"]
[Result "1-0"]
[WhiteElo "1394"]
[BlackElo "1170"]
[PlyCount "97"]
[EventDate "2020.??.??"]

1. e4 e5 2. Nf3 Nf6 3. Nxe5 d6 4. Nf3 Nxe4 5. Qe2 Qe7 6. d4 d5 7. Bf4 g6 8. Ng5
Nxg5 9. Bxg5 Qxe2+ 10. Bxe2 Bg7 11. c3 Nc6 12. Bf3 Nxd4 13. cxd4 Bxd4 14. Nc3
O-O 15. O-O Re8 16. Nxd5 Bxb2 17. Rad1 Be5 18. Rfe1 b6 19. Nf6+ Bxf6 20. Rxe8+
Kg7 21. Bxf6+ Kxf6 22. Bxa8 Be6 23. Rh8 Bxa2 24. Rxh7 Bb3 25. Rd7 Be6 26. Rxc7
a5 27. Rb7 a4 28. Rxb6 a3 29. Ra6 a2 30. Rh3 Kf5 31. Rf3+ Kg4 32. h3+ Kg5 33.
Rd3 Bc4 34. Ra5+ f5 35. Rd4 Bb3 36. Bd5 Bxd5 37. Rdxd5 a1=Q+ 38. Rxa1 Kh4 39.
Ra4+ Kh5 40. g4+ Kg5 41. gxf5 gxf5 42. Kg2 Kh5 43. Kg3 Kg5 44. h4+ Kh5 45.
Rxf5+ Kh6 46. Ra6+ Kg7 47. Rb5 Kf7 48. Rb7+ Ke8 49. Ra8# {RosamelManua est
échec et mat} 1-0

[Event "Champ FRA - Under 12"]
[Site "Europe Echecs"]
[Date "2020.07.08"]
[Round "7"]
[White "PalmasAdriana"]
[Black "LedjamAlbin"]
[Result "0-1"]
[WhiteElo "1380"]
[BlackElo "1165"]
[PlyCount "74"]
[EventDate "2020.??.??"]

1. e4 d6 2. d4 Nf6 3. Nc3 c6 4. Nf3 Bg4 5. h3 Bh5 6. Bc4 e6 7. b4 b5 8. Bb3 Be7
9. O-O Nbd7 10. Bg5 O-O 11. a4 a6 12. a5 e5 13. d5 c5 14. bxc5 Nxc5 15. Ba2
Ncxe4 16. Nxe4 Nxe4 17. Bxe7 Qxe7 18. Qd3 Bxf3 19. gxf3 Qg5+ 20. Kh2 Nf6 21.
Rg1 Qf4+ 22. Kh1 Qh4 23. f4 exf4 24. Qf3 Rfe8 25. Qg2 Qh6 26. Qf3 Qh5 27. Qg2
Qg6 28. Qf3 Qe4 29. Qxe4 Nxe4 30. Rg2 f3 31. Rgg1 Nxf2+ 32. Kh2 Re2 33. Kg3
Rae8 34. Kxf3 R8e3+ 35. Kg2 Nxh3+ 36. Kh1 Nxg1 37. Rxg1 Rh3# {PalmasAdriana
est échec et mat} 0-1

[Event "Champ FRA - Under 12"]
[Site "Europe Echecs"]
[Date "2020.07.08"]
[Round "7"]
[White "HamdadMounir"]
[Black "GuilloudRemi"]
[Result "0-1"]
[WhiteElo "1167"]
[BlackElo "1352"]
[PlyCount "102"]
[EventDate "2020.??.??"]

1. e4 c5 2. Nf3 a6 3. d4 cxd4 4. Nxd4 Nc6 5. Nf3 d6 6. Nc3 e6 7. Be2 b5 8. a3
Bb7 9. O-O Be7 10. Be3 Nf6 11. Qd2 O-O 12. Rfd1 Qc7 13. Bg5 Rac8 14. Bxf6 Bxf6
15. Qxd6 Qb6 16. a4 Rfd8 17. Qg3 Nb4 18. a5 Qc5 19. e5 Be7 20. Rac1 Qc7 21. Ng5
Qxa5 22. Bf3 Bxf3 23. Nxf3 Rxd1+ 24. Rxd1 Nxc2 25. h4 Qb4 26. Rd7 Kf8 27. Ng5
Kg8 28. Qf3 Rf8 29. Qh5 Bxg5 30. Qxg5 Qxb2 31. Ne4 Qb1+ 32. Kh2 Nb4 33. Nf6+
Kh8 34. Nh5 Qg6 35. Qe7 Rg8 36. Rd8 h6 37. Nf6 gxf6 38. Rxg8+ Kxg8 39. Qe8+ Kg7
40. exf6+ Qxf6 41. Qd7 Qxh4+ 42. Kg1 Nd5 43. Qa7 Qg4 44. g3 Nf6 45. Kg2 Kg6 46.
Qxa6 Qe4+ 47. f3 Qe2+ 48. Kh3 Qxf3 49. Kh2 Ng4+ 50. Kg1 Qf2+ 51. Kh1 Qh2# {
HamdadMounir est échec et mat} 0-1

[Event "Champ FRA - Under 12"]
[Site "Europe Echecs"]
[Date "2020.07.08"]
[Round "7"]
[White "BriguetRemi"]
[Black "SchutzBastien"]
[Result "0-1"]
[WhiteElo "1160"]
[BlackElo "1343"]
[PlyCount "76"]
[EventDate "2020.??.??"]

1. d4 d5 2. e4 dxe4 3. f3 exf3 4. Nxf3 Nf6 5. Nc3 Nc6 6. Bc4 e6 7. Bf4 Bb4 8.
O-O Bxc3 9. bxc3 O-O 10. Be5 Nd7 11. Ng5 Ndxe5 12. Qh5 h6 13. dxe5 Qxg5 14.
Qxg5 hxg5 15. Rf3 Nxe5 16. Rf4 gxf4 17. Rf1 Nxc4 18. Rxf4 Na3 19. h4 Nxc2 20.
h5 Kh7 21. g4 e5 22. Rc4 c6 23. Rc5 Bxg4 24. Rxe5 Rfe8 25. Rg5 Re1+ 26. Kf2 Bd1
27. Rd5 Re2+ 28. Kf3 Re5+ 29. Kf4 Rxd5 30. Ke4 f5+ 31. Kf4 Kh6 32. c4 Rd4+ 33.
Kxf5 Rf8+ 34. Ke6 Re8+ 35. Kf7 Ne3 36. Kxe8 Nf5 37. Kf7 Bxh5+ 38. Kf8 Rd8# {
BriguetRemi est échec et mat} 0-1

[Event "Champ FRA - Under 12"]
[Site "Europe Echecs"]
[Date "2020.07.08"]
[Round "7"]
[White "RosuAndrei"]
[Black "JoinOctave"]
[Result "1-0"]
[WhiteElo "1342"]
[BlackElo "1135"]
[PlyCount "31"]
[EventDate "2020.??.??"]

1. e4 c5 2. Nf3 e6 3. d4 d5 4. exd5 exd5 5. c4 Nf6 6. Nc3 cxd4 7. Nxd4 Bb4 8.
Bd2 Bxc3 9. Bxc3 O-O 10. Be2 dxc4 11. Bxc4 Re8+ 12. Be2 Qe7 13. O-O Nc6 14.
Nxc6 bxc6 15. Re1 Qd6 16. Qxd6 {JoinOctave a abandonné} 1-0

[Event "Champ FRA - Under 12"]
[Site "Europe Echecs"]
[Date "2020.07.08"]
[Round "7"]
[White "SaelenTitouan"]
[Black "GuertonDimitri"]
[Result "0-1"]
[WhiteElo "1152"]
[BlackElo "1334"]
[PlyCount "154"]
[EventDate "2020.??.??"]

1. c4 c5 2. Nf3 Nc6 3. Nc3 g6 4. e3 Bg7 5. Be2 d6 6. O-O Bf5 7. d4 cxd4 8. exd4
Nf6 9. Bg5 O-O 10. d5 Nb8 11. h3 Na6 12. a3 Qd7 13. Bd3 Bxd3 14. Qxd3 Nc5 15.
Qc2 h6 16. Bxf6 Bxf6 17. b4 Na6 18. Rae1 Rac8 19. Ne4 Bg7 20. Qd3 Rc7 21. Rc1
Rfc8 22. Qe3 b6 23. Qe2 Qa4 24. Nc3 Qd7 25. Ne4 b5 26. cxb5 Rxc1 27. Rxc1 Rxc1+
28. Kh2 Nb8 29. Qe3 Rc8 30. Nd4 Bxd4 31. Qxd4 Qxb5 32. Qxa7 Qd7 33. Qe3 Kg7 34.
Qd4+ f6 35. Ng3 Na6 36. Qg4 Qxg4 37. hxg4 Rc2 38. Ne4 f5 39. gxf5 gxf5 40. Ng3
Kg6 41. b5 Nc7 42. b6 Nxd5 43. b7 Rb2 44. Kh3 Rxb7 45. Ne2 Ra7 46. Nd4 Rxa3+
47. Kh2 e5 48. Nc6 Kh5 49. Nd8 Kh4 50. g3+ Kg4 51. Nf7 h5 52. Nh6+ Kf3 53. Nxf5
Ra2 54. Nh4+ Kxf2 55. Kh3 Ke3 56. Nf5+ Kf3 57. Nh4+ Ke4 58. Ng6 Nf6 59. g4
hxg4+ 60. Kh4 Rh2+ 61. Kg5 Rh5+ 62. Kxf6 Rf5+ 63. Kg7 Rg5 64. Kf6 Rxg6+ 65.
Kxg6 g3 66. Kg5 g2 67. Kf6 g1=Q 68. Ke6 Qg6+ 69. Ke7 Kf5 70. Kd7 d5 71. Ke7 e4
72. Kd7 d4 73. Ke7 Ke5 74. Kd7 Qd6+ 75. Ke8 Qc7 76. Kf8 Kf6 77. Kg8 Qg7# {
SaelenTitouan est échec et mat} 0-1

[Event "Champ FRA - Under 12"]
[Site "Europe Echecs"]
[Date "2020.07.08"]
[Round "7"]
[White "LedouxHugo"]
[Black "SalahYanis"]
[Result "1-0"]
[WhiteElo "1322"]
[BlackElo "1148"]
[PlyCount "29"]
[EventDate "2020.??.??"]

1. d4 d5 2. Nf3 Nc6 3. e3 Nf6 4. Nbd2 Bg4 5. c4 e5 6. Qb3 Bb4 7. Nxe5 Nxe5 8.
Qxb4 a5 9. Qb5+ c6 10. Qb3 a4 11. Qc2 Nxc4 12. Nxc4 dxc4 13. Bxc4 Qa5+ 14. Bd2
Qf5 15. Qxf5 {SalahYanis a abandonné} 1-0

[Event "Champ FRA - Under 12"]
[Site "Europe Echecs"]
[Date "2020.07.08"]
[Round "7"]
[White "LemoalZakarya"]
[Black "ParalieuEmma"]
[Result "0-1"]
[WhiteElo "1134"]
[BlackElo "1312"]
[PlyCount "58"]
[EventDate "2020.??.??"]

1. e4 e5 2. Nf3 Nc6 3. Bc4 Bc5 4. d3 Nf6 5. Be3 Bb6 6. Nbd2 d6 7. c3 Be6 8.
Bxe6 fxe6 9. Qb3 Qd7 10. Nc4 Ng4 11. Bxb6 axb6 12. h3 Nf6 13. Qc2 O-O 14. Ne3
d5 15. Rd1 d4 16. Ng4 dxc3 17. bxc3 Qd6 18. Nxf6+ Rxf6 19. O-O Raf8 20. d4 exd4
21. cxd4 Qe7 22. e5 Rg6 23. Kh2 Qf7 24. h4 Qf4+ 25. Kh3 Qg4+ 26. Kh2 Rxf3 27.
g3 Rh6 28. Rde1 Rxh4+ 29. gxh4 Rh3# {LemoalZakarya est échec et mat} 0-1

[Event "Champ FRA - Under 12"]
[Site "Europe Echecs"]
[Date "2020.07.08"]
[Round "7"]
[White "NoeMilan"]
[Black "RakotomamonjyL"]
[Result "1-0"]
[WhiteElo "1110"]
[BlackElo "1310"]
[PlyCount "77"]
[EventDate "2020.??.??"]

1. d4 d5 2. Bf4 e6 3. e3 Bd6 4. Bg3 c5 5. c3 Qc7 6. Bd3 Nc6 7. Nf3 b6 8. Nbd2
Bb7 9. Qe2 Nf6 10. e4 O-O 11. e5 Bxe5 12. dxe5 Nd7 13. O-O c4 14. Bc2 Rae8 15.
Rfe1 Kh8 16. Nd4 Nxd4 17. cxd4 Ba6 18. Qh5 g6 19. Qf3 Qc6 20. Bf4 f6 21. Bh6
Rf7 22. Qe3 fxe5 23. dxe5 Qc7 24. Nf3 Bb7 25. Ng5 Rfe7 26. f4 Qc6 27. Qh3 d4
28. Be4 Qc7 29. Rac1 Bxe4 30. Rxe4 d3 31. Rexc4 Qb7 32. Qxd3 Nc5 33. Qh3 Qd5
34. Qf3 Qxf3 35. Nxf3 Nd3 36. R1c3 Nxb2 37. Rc8 Na4 38. Rxe8+ Rxe8 39. Rc7 {
RakotomamonjyL a abandonné} 1-0

[Event "Champ FRA - Under 12"]
[Site "Europe Echecs"]
[Date "2020.07.08"]
[Round "7"]
[White "LangerKarele"]
[Black "SakiMehdi"]
[Result "1-0"]
[WhiteElo "1282"]
[BlackElo "1107"]
[PlyCount "29"]
[EventDate "2020.??.??"]

1. d4 d5 2. c4 dxc4 3. e3 Nc6 4. Bxc4 Nf6 5. Nc3 e5 6. Qb3 exd4 7. Bxf7+ Ke7 8.
Bh5 dxc3 9. Qf7+ Kd6 10. e4 Be6 11. Bf4+ Ne5 12. Rd1+ Nd5 13. Rxd5+ Bxd5 14.
Qxd5+ Ke7 15. Bg5# {SakiMehdi est échec et mat} 1-0

[Event "Champ FRA - Under 12"]
[Site "Europe Echecs"]
[Date "2020.07.08"]
[Round "7"]
[White "ClaverieGabrie"]
[Black "BiondiAntonin"]
[Result "1-0"]
[WhiteElo "1069"]
[BlackElo "1280"]
[PlyCount "65"]
[EventDate "2020.??.??"]

1. e4 d5 2. exd5 Nf6 3. Nc3 Bg4 4. Be2 Bxe2 5. Ngxe2 c6 6. dxc6 Nxc6 7. O-O e5
8. d3 Bd6 9. Bg5 Bc7 10. Qd2 h6 11. Bh4 Qd6 12. Rad1 e4 13. Bg3 Qe7 14. Bxc7
Qxc7 15. dxe4 Rd8 16. Qe3 Rxd1 17. Rxd1 b6 18. Nd5 Qe7 19. Nxe7 Nxe7 20. Qd3
O-O 21. e5 Nh7 22. h3 Ng6 23. Ng3 Nxe5 24. Qc3 Ng6 25. Qc7 Re8 26. Rd8 Rf8 27.
Rxf8+ Ngxf8 28. Qxa7 Ne6 29. Qxb6 Nhg5 30. a4 Ne4 31. Nxe4 Kf8 32. Nc5 Nxc5 33.
Qd8# {BiondiAntonin est échec et mat} 1-0

[Event "Champ FRA - Under 12"]
[Site "Europe Echecs"]
[Date "2020.07.08"]
[Round "7"]
[White "LayadiNoha"]
[Black "CadilhacSeffinL"]
[Result "1-0"]
[WhiteElo "1280"]
[BlackElo "1058"]
[PlyCount "67"]
[EventDate "2020.??.??"]

1. e4 e5 2. Nf3 Nc6 3. Bc4 Bc5 4. Nc3 Nf6 5. d3 O-O 6. Bg5 d6 7. Nd5 Bg4 8. h3
Bh5 9. g4 Bg6 10. Nxf6+ gxf6 11. Bh6 Re8 12. Qd2 Bb4 13. c3 Ba5 14. O-O-O a6
15. Kb1 b5 16. Bb3 Bb6 17. Rdg1 a5 18. a3 Qd7 19. g5 f5 20. Nh4 fxe4 21. dxe4
Bxe4+ 22. Ka1 Bxh1 23. Rxh1 a4 24. Ba2 e4 25. Qf4 Qe7 26. Rg1 Kh8 27. Nf5 Qe5
28. Bg7+ Qxg7 29. Nxg7 Kxg7 30. Qf6+ Kg8 31. Qxf7+ Kh8 32. g6 hxg6 33. Rxg6 Rg8
34. Rh6# {CadilhacSeffinL est échec et mat} 1-0

[Event "Champ FRA - Under 12"]
[Site "Europe Echecs"]
[Date "2020.07.08"]
[Round "7"]
[White "CavillotDelest"]
[Black "GrisoniEmma"]
[Result "1-0"]
[WhiteElo "1063"]
[BlackElo "1273"]
[PlyCount "69"]
[EventDate "2020.??.??"]

1. e4 c5 2. Nf3 Nc6 3. d4 cxd4 4. Nxd4 d6 5. Nc3 g6 6. Bc4 Bg7 7. Be3 Qc7 8.
Nd5 Qd8 9. Bb5 Bd7 10. O-O Nf6 11. Nc3 O-O 12. Bg5 Nxd4 13. Qxd4 Bxb5 14. Nxb5
a6 15. Nc3 Rc8 16. Rfe1 Nd7 17. Qe3 Re8 18. Qf3 Ne5 19. Qd1 Nc4 20. Rb1 h6 21.
Be3 Nxe3 22. fxe3 Bxc3 23. bxc3 b5 24. Rf1 Rxc3 25. Qd5 e6 26. Qd4 Rxc2 27. Qa7
Qa8 28. Qxf7+ Kh8 29. Qf6+ Kh7 30. Qf7+ Kh8 31. Qxg6 Re7 32. Qf6+ Rg7 33. Qxh6+
Rh7 34. Rf8+ Qxf8 35. Qxf8# {GrisoniEmma est échec et mat} 1-0

[Event "Champ FRA - Under 12"]
[Site "Europe Echecs"]
[Date "2020.07.08"]
[Round "7"]
[White "SamorukovEgor"]
[Black "DarrortNahia"]
[Result "1-0"]
[WhiteElo "1060"]
[BlackElo "1263"]
[PlyCount "163"]
[EventDate "2020.??.??"]

1. e4 c5 2. Nf3 d6 3. d4 cxd4 4. Nxd4 Nf6 5. Nc3 g6 6. Bg5 Bg7 7. Bb5+ Bd7 8.
Bxd7+ Nbxd7 9. Nd5 Nxd5 10. exd5 Nf6 11. c4 h6 12. Bh4 Qa5+ 13. Qd2 Qxd2+ 14.
Kxd2 Ne4+ 15. Ke3 Nf6 16. Rhe1 Ng4+ 17. Kf3 Nxh2+ 18. Kg3 Be5+ 19. Kh3 g5 20.
Bg3 Bxd4 21. Kxh2 Kd7 22. Rad1 Bxb2 23. c5 Ba3 24. c6+ bxc6 25. dxc6+ Kxc6 26.
Rd3 Kd7 27. Rxa3 Rhc8 28. Rae3 e6 29. Rd3 d5 30. Rb3 Ke8 31. Be5 Rd8 32. Bg7 h5
33. Bf6 Rdb8 34. Bxg5 Rxb3 35. axb3 Rb8 36. Rb1 a5 37. Bf4 Rb4 38. Bd2 Rb5 39.
b4 axb4 40. Rxb4 Rxb4 41. Bxb4 d4 42. Kh3 e5 43. Kh4 d3 44. Kxh5 Kd7 45. Kg5
Ke6 46. Kg4 f5+ 47. Kg5 e4 48. Kf4 Kf6 49. g3 Ke6 50. g4 fxg4 51. Kxg4 Kd5 52.
Kf4 Kd4 53. Ba5 Kd5 54. Ke3 Ke5 55. f4+ Kf5 56. Bb4 d2 57. Bxd2 Kf6 58. Kxe4
Ke6 59. Bb4 Kf6 60. f5 Kf7 61. Ke5 Ke8 62. Ke6 Kd8 63. f6 Ke8 64. f7+ Kd8 65.
f8=Q+ Kc7 66. Qe7+ Kc6 67. Qc5+ Kb7 68. Qd6 Ka7 69. Bc5+ Kb7 70. Qd5+ Kc7 71.
Ke7 Kc8 72. Qd7+ Kb8 73. Bd6+ Ka8 74. Qd8+ Kb7 75. Qc7+ Ka6 76. Qb8 Ka5 77.
Bc7+ Ka4 78. Qb6 Ka3 79. Qb5 Ka2 80. Qb4 Ka1 81. Be5+ Ka2 82. Qb2# {
DarrortNahia est échec et mat} 1-0

[Event "Champ FRA - Under 12"]
[Site "Europe Echecs"]
[Date "2020.07.08"]
[Round "7"]
[White "KurenkovAnton"]
[Black "OstrovskiyVova"]
[Result "0-1"]
[WhiteElo "1056"]
[BlackElo "1260"]
[PlyCount "96"]
[EventDate "2020.??.??"]

1. e4 e5 2. Nf3 Nf6 3. Nxe5 Qe7 4. d4 d6 5. Nf3 Nxe4 6. Qe2 Bf5 7. Nfd2 Nxd2 8.
Qxe7+ Bxe7 9. Bxd2 Nc6 10. c4 O-O 11. Nc3 Rfe8 12. Be2 Nxd4 13. Kd1 Bc2+ 14.
Ke1 Bf6 15. Rc1 Bd3 16. Nd5 Nxe2 17. Nxf6+ gxf6 18. Rd1 Nc3+ 19. Be3 Nxd1 20.
Kxd1 d5 21. cxd5 Rad8 22. Bd4 Rxd5 23. Bxa7 Re2 24. f3 Rxg2 25. Re1 Be2+ 26.
Kc2 Bxf3+ 27. Kc3 Rgd2 28. Be3 R2d3+ 29. Kc4 b5+ 30. Kb4 Re5 31. Rg1+ Kh8 32.
Bh6 Re4+ 33. Kxb5 Rd5+ 34. Kc6 Re6+ 35. Kxc7 Rc5+ 36. Kd7 Bc6+ 37. Kc7 f5 38.
Be3 Rc2 39. Kb6 Rxb2+ 40. Kc5 Rc2+ 41. Kb4 Rg2 42. Bd4+ Kg8 43. Rc1 Bd7 44. Rc7
Rd6 45. Be5 Rg4+ 46. Kc5 Rc6+ 47. Rxc6 Bxc6 48. Kxc6 Ra4 {KurenkovAnton a
abandonné} 0-1